Barris de Badalona - Estadísticas

Estadísticas generales
  • Esta prueba ha sido intentada 48 veces
  • La puntuación promedio es 20 de 34
Estadísticas de respuestas
Respuesta % Correcto
Gorg
94%
La Salut
94%
Centre
91%
Bufalà
88%
Montigalà
88%
Sant Roc
84%
Lloreda
78%
Morera
72%
Pomar
72%
Canyadó
69%
Casagemes
69%
Progrés
69%
Sistrells
69%
Raval
66%
Artigues
63%
Sant Antoni de Llefià
63%
Sant Crist
63%
Dalt la Vila
56%
Manresà
56%
Canyet
53%
Nova Lloreda
53%
Sant Joan de Llefià
50%
La Mora
47%
Mas Ram
47%
Sant Mori de Llefià
47%
Bonavista
44%
Coll i Pujol
41%
Congrés
41%
El Remei
41%
Can Claris
34%
La Pau
34%
Pomar de Dalt
34%
Les Guixeres
31%
Puigfred
13%
No se encontraron pruebas coincidentes
Distribución de puntuación
Porcentaje de gente con cada puntuación
Porcentaje por número respondido
Historial de tus puntuaciones
No has intentado esta prueba.